Prídavky na deti po poslednej novelizácii zákona s príkladmi

Zmeny a doplnenia zákona č. 193/1994 Z.z. o prídavkoch na deti po poslednej novelizácii zákonom č. 208/2001 Z.z., ktorá nadobúda účinnosť 1. júla 2001. Účel prídavkov na deti. Oprávnená osoba na uplatnenie nároku. Nezaopatrenosť dieťaťa. Príjem a spôsob zisťovania príjmu. Uplatnenie nároku. Výška pr...

Ausführliche Beschreibung

Gespeichert in:
Bibliographische Detailangaben
1. Verfasser: Heseková, Eva
Format: Buchkapitel
Sprache:Slowakisch
Schlagworte:
Tags: Tag hinzufügen
Keine Tags, Fügen Sie das erste Tag hinzu!

MARC

LEADER 00000naa a2200000 4500
001 r042530
005 20230927065247.4
041 0 |a slo 
044 |a SK 
245 1 0 |a Prídavky na deti po poslednej novelizácii zákona s príkladmi  |c Eva Heseková 
520 |a Zmeny a doplnenia zákona č. 193/1994 Z.z. o prídavkoch na deti po poslednej novelizácii zákonom č. 208/2001 Z.z., ktorá nadobúda účinnosť 1. júla 2001. Účel prídavkov na deti. Oprávnená osoba na uplatnenie nároku. Nezaopatrenosť dieťaťa. Príjem a spôsob zisťovania príjmu. Uplatnenie nároku. Výška prídavkov na deti. Príklady. 
610 2 0 |a dávky sociálne 
610 2 0 |a prídavky na deti 
610 2 0 |a zákony 
610 2 0 |a Slovensko 
610 2 0 |a novelizácia 
610 2 0 |a júl 
610 2 0 |a 2001 
100 1 |a Heseková, Eva